[Event "ThEM Meisterturnier Finsterbergen"]
[Site "?"]
[Date "1999.??.??"]
[Round "1"]
[White "Langheinrich, Ferenc"]
[Black "Anschuetz, Mario"]
[Result "1-0"]
[WhiteElo "2280"]
[BlackElo "2115"]
[PlyCount "81"]
[EventDate "1999.??.??"]

1. Nf3 e6 2. d4 f5 3. d5 d6 4. dxe6 Bxe6 5. g3 Nf6 6. Bg2 c6 7. O-O Be7 8. b3
O-O 9. Bb2 a5 10. Nbd2 Na6 11. c4 Qe8 12. e3 Rd8 13. Nd4 Bc8 14. Re1 d5 15. Qe2
Bb4 16. Red1 Ne4 17. Nf1 Nc3 18. Bxc3 Bxc3 19. Rac1 Bxd4 20. Rxd4 dxc4 21. Rxd8
Qxd8 22. Qxc4+ Kh8 23. h4 Rf6 24. Nh2 Rd6 25. Nf3 Be6 26. Qe2 h6 27. e4 fxe4
28. Qxe4 Bd5 29. Qe3 Bxf3 30. Bxf3 Rd3 31. Qe4 Rd4 32. Qe5 Nb4 33. Re1 Rd7 34.
Bg4 Rd5 35. Qe2 g6 36. Qb2+ Kh7 37. Qe2 h5 38. Bf3 Rd2 39. Qe6 Rxa2 40. Qf7+
Kh6 41. Re6 1-0

[Event "ThEM Meisterturnier Finsterbergen"]
[Site "?"]
[Date "1999.??.??"]
[Round "1"]
[White "Rohmeiss, Roberto"]
[Black "Kottwitz, Daniel"]
[Result "1-0"]
[WhiteElo "2030"]
[BlackElo "2120"]
[PlyCount "69"]
[EventDate "1999.??.??"]

1. Nf3 e6 2. g3 f5 3. Bg2 Nf6 4. O-O Be7 5. d4 O-O 6. c4 d6 7. Nc3 Qe8 8. Qb3
c6 9. d5 Na6 10. dxc6 Nc5 11. cxb7 Bxb7 12. Qc2 Qh5 13. b4 Nce4 14. Nxe4 Bxe4
15. Qb3 Rac8 16. Bb2 Rc7 17. Nd4 Rfc8 18. Rac1 Qf7 19. Nb5 Rb7 20. Bxf6 gxf6
21. Bxe4 fxe4 22. Nd4 d5 23. cxd5 Rxc1 24. Rxc1 Rxb4 25. Rc8+ Kg7 26. Nxe6+ Kg6
27. Qe3 f5 28. Qxa7 Qf6 29. Rg8+ Kh5 30. Qe3 Rb1+ 31. Kg2 Bd6 32. Rg5+ Kh6 33.
Rg7+ f4 34. Qxe4 fxg3 35. Qxh7# 1-0

[Event "ThEM Meisterturnier Finsterbergen"]
[Site "?"]
[Date "1999.??.??"]
[Round "1"]
[White "Taudte, Stefan"]
[Black "Paehtz, Thomas Jr"]
[Result "0-1"]
[WhiteElo "2120"]
[BlackElo "2160"]
[PlyCount "68"]
[EventDate "1999.??.??"]

1. d4 Nf6 2. c4 c5 3. d5 b5 4. cxb5 a6 5. bxa6 g6 6. Nc3 Bxa6 7. e4 Bxf1 8.
Kxf1 d6 9. g4 Bg7 10. g5 Nh5 11. Nge2 Nd7 12. Ng3 Nxg3+ 13. hxg3 O-O 14. Qg4
Re8 15. Nd1 e6 16. Ne3 Ra4 17. b3 Ra7 18. Rb1 Rxa2 19. Qh4 Nf8 20. Ng4 exd5 21.
exd5 Qe7 22. Be3 Qe4 23. Re1 Qf3 24. Qh3 Re4 25. Qg2 Qxg2+ 26. Kxg2 Rxg4 27.
Bf4 Bd4 28. Rhf1 Nd7 29. Re8+ Kg7 30. Rd8 Ne5 31. Rxd6 Nd3 32. Kf3 Rxf4+ 33.
gxf4 Rb2 34. Rd1 Rxb3 0-1

[Event "ThEM Meisterturnier Finsterbergen"]
[Site "?"]
[Date "1999.??.??"]
[Round "2"]
[White "Anschuetz, Mario"]
[Black "Fischer, Kay"]
[Result "0-1"]
[WhiteElo "2115"]
[BlackElo "2130"]
[PlyCount "110"]
[EventDate "1999.??.??"]

1. d4 Nf6 2. c4 e6 3. Nc3 Bb4 4. Qc2 c5 5. e3 Nc6 6. Nf3 cxd4 7. exd4 d5 8. a3
Be7 9. Be3 O-O 10. h3 a6 11. Bd3 dxc4 12. Bxc4 b5 13. Bd3 Bb7 14. O-O Rc8 15.
Qe2 Re8 16. Rad1 b4 17. axb4 Nxb4 18. Bb1 Nbd5 19. Ne4 Nxe4 20. Bxe4 Nc3 21.
bxc3 Bxe4 22. Bd2 Bb7 23. Rb1 Qd5 24. c4 Qe4 25. Be3 Rb8 26. Rb3 a5 27. c5 Bd5
28. Ra3 Bd8 29. Rc1 Bc7 30. Qf1 Qg6 31. Ne5 Qh5 32. Nd3 Qg5 33. Ne1 e5 34. dxe5
Qxe5 35. g3 Qb2 36. Rca1 Qf6 37. Ng2 Bc6 38. Nf4 a4 39. Qc4 Bb5 40. Qc2 Bc6 41.
Qd1 Be5 42. Rb1 Rxb1 43. Qxb1 g5 44. Ng2 Bb2 45. Bxg5 Qxg5 46. Qxb2 Qd5 47. f3
Qd1+ 48. Kf2 Rd8 49. Ra2 Qxf3+ 50. Kg1 Qxg3 51. Qc1 a3 52. Rf2 Rd5 53. Qc2 Rg5
54. Qc4 Bd5 55. Qe2 Qxg2+ 0-1

[Event "ThEM Meisterturnier Finsterbergen"]
[Site "?"]
[Date "1999.??.??"]
[Round "2"]
[White "Langheinrich, Ferenc"]
[Black "Rohmeiss, Roberto"]
[Result "1-0"]
[WhiteElo "2280"]
[BlackElo "2030"]
[PlyCount "73"]
[EventDate "1999.??.??"]

1. e4 g6 2. d4 Bg7 3. Nc3 c5 4. d5 d6 5. Nf3 Nf6 6. Be2 O-O 7. O-O a6 8. a4
Nbd7 9. Re1 Qc7 10. Bf1 Rb8 11. h3 Ne8 12. Bg5 Ne5 13. Nxe5 Bxe5 14. Qd2 f5 15.
exf5 Bxf5 16. g4 Bc8 17. a5 b5 18. axb6 Rxb6 19. b3 Rb4 20. Bc4 Kh8 21. f4 Bd4+
22. Kh2 Nf6 23. Rad1 Ng8 24. Bh4 Bg7 25. Bg3 Rb8 26. Ne4 h6 27. Qd3 Kh7 28. Nd2
Nf6 29. Nf3 Qd7 30. Nh4 Nxg4+ 31. hxg4 Qxg4 32. Rxe7 Rxf4 33. Qxg6+ Qxg6 34.
Nxg6 Rxc4 35. bxc4 Kxg6 36. Bxd6 Rb2 37. Rxg7+ 1-0

[Event "ThEM Meisterturnier Finsterbergen"]
[Site "?"]
[Date "1999.??.??"]
[Round "2"]
[White "Mueller, Matthias"]
[Black "Haensel, Thomas"]
[Result "1/2-1/2"]
[WhiteElo "2395"]
[BlackElo "2205"]
[PlyCount "51"]
[EventDate "1999.??.??"]

1. e4 c5 2. Nf3 d6 3. d4 cxd4 4. Nxd4 Nf6 5. Nc3 a6 6. Bg5 e6 7. f4 Nbd7 8. Qf3
h6 9. Bh4 Qc7 10. O-O-O Be7 11. Be2 Rb8 12. Qg3 Rg8 13. Rhf1 g5 14. fxg5 Ne5
15. Qe1 hxg5 16. Bg3 Bd7 17. Nf3 Bc6 18. Nxe5 dxe5 19. h4 g4 20. Qf2 b5 21. Bd3
Rg7 22. Qe3 Rd8 23. Qh6 Rg6 24. Qh8+ Rg8 25. Qh6 Rg6 26. Qh8+ 1/2-1/2

[Event "ThEM Meisterturnier Finsterbergen"]
[Site "?"]
[Date "1999.??.??"]
[Round "2"]
[White "Paehtz, Thomas Jr"]
[Black "Kirschbaum, Gunnar"]
[Result "0-1"]
[WhiteElo "2160"]
[BlackElo "2195"]
[PlyCount "92"]
[EventDate "1999.??.??"]

1. d4 c5 2. d5 Nf6 3. Nc3 g6 4. e4 d6 5. Nf3 Bg7 6. Be2 O-O 7. O-O Na6 8. Bf4
Nc7 9. Nd2 a6 10. a4 b6 11. Nc4 b5 12. Nb6 Rb8 13. Nxc8 Rxc8 14. axb5 axb5 15.
Nxb5 Nxe4 16. Na7 Ra8 17. Qd3 Nf6 18. c4 Qd7 19. Nc6 e5 20. Bd2 Ne6 21. b4 Rxa1
22. Rxa1 e4 23. Qe3 Nxd5 24. cxd5 Bxa1 25. Bg4 f5 26. Qxe4 fxe4 27. Bxe6+ Qxe6
28. dxe6 cxb4 29. Bxb4 Re8 30. e7 Kf7 31. Bxd6 Rc8 32. Nd8+ Ke8 33. g3 Bf6 34.
Ne6 Kd7 35. Nc7 Bxe7 36. Bxe7 Rxc7 37. Bg5 Rc2 38. Be3 Ke6 39. Kg2 Kd5 40. h3
Kc4 41. h4 Kd3 42. g4 Ke2 43. Bd4 Rd2 44. Bc5 Rd3 45. Bb6 Rf3 46. g5 Kd3 0-1

[Event "ThEM Meisterturnier Finsterbergen"]
[Site "?"]
[Date "1999.??.??"]
[Round "3"]
[White "Fischer, Kay"]
[Black "Mueller, Matthias"]
[Result "0-1"]
[WhiteElo "2130"]
[BlackElo "2395"]
[PlyCount "66"]
[EventDate "1999.??.??"]

1. e4 e5 2. Nf3 Nc6 3. Nc3 Nf6 4. d4 exd4 5. Nxd4 Bb4 6. Nxc6 bxc6 7. Bd3 d5 8.
exd5 cxd5 9. O-O O-O 10. Bg5 c6 11. Qf3 Be7 12. Rae1 Rb8 13. Nd1 Re8 14. h3 Be6
15. b3 Qa5 16. Ne3 h6 17. Bh4 Qb4 18. Bg3 Rbd8 19. Nf5 Bxf5 20. Qxf5 Bd6 21.
Rxe8+ Rxe8 22. c3 Qb8 23. Bxd6 Qxd6 24. c4 g6 25. Qf3 Kg7 26. cxd5 cxd5 27. Rc1
Qa3 28. Rc6 Re1+ 29. Kh2 Qb2 30. Rc2 Qe5+ 31. g3 Ne4 32. Bxe4 dxe4 33. Qf4 Qa1
0-1

[Event "ThEM Meisterturnier Finsterbergen"]
[Site "?"]
[Date "1999.??.??"]
[Round "3"]
[White "Kirschbaum, Gunnar"]
[Black "Kottwitz, Daniel"]
[Result "1-0"]
[WhiteElo "2195"]
[BlackElo "2120"]
[PlyCount "105"]
[EventDate "1999.??.??"]

1. d4 Nf6 2. c4 e5 3. dxe5 Ng4 4. Nf3 Bc5 5. e3 Nc6 6. Bd2 O-O 7. Bc3 Re8 8.
Be2 Ncxe5 9. Nxe5 Nxe5 10. b4 Bf8 11. O-O a5 12. b5 d6 13. Nd2 b6 14. f4 Nd7
15. Bf3 Rb8 16. Bd4 Bb7 17. Bxb7 Rxb7 18. Qf3 Ra7 19. Ne4 Qa8 20. Nc3 Qxf3 21.
Rxf3 f5 22. Re1 g6 23. e4 Bg7 24. Bxg7 Kxg7 25. Rfe3 fxe4 26. Rxe4 Rxe4 27.
Rxe4 Nf6 28. Re2 Kf7 29. a4 Ra8 30. Nd5 Nxd5 31. cxd5 Rd8 32. Kf2 Rd7 33. g4
Kg7 34. Re6 Rf7 35. Ke3 Kf8 36. Ke4 Rg7 37. h4 Rf7 38. h5 gxh5 39. g5 h4 40.
Rh6 Re7+ 41. Kf5 Kg7 42. Rxh4 Re1 43. Rh3 Re7 44. Rh6 Rf7+ 45. Kg4 Re7 46. Re6
Rd7 47. f5 Rf7 48. f6+ Kg6 49. Re7 Rxe7 50. fxe7 Kf7 51. Kh5 c5 52. dxc6 d5 53.
c7 1-0

[Event "ThEM Meisterturnier Finsterbergen"]
[Site "?"]
[Date "1999.??.??"]
[Round "3"]
[White "Rohmeiss, Roberto"]
[Black "Anschuetz, Mario"]
[Result "1/2-1/2"]
[WhiteElo "2030"]
[BlackElo "2115"]
[PlyCount "82"]
[EventDate "1999.??.??"]

1. d4 e6 2. c4 d5 3. Nf3 f5 4. Nbd2 Nf6 5. g3 Be7 6. Bg2 c6 7. O-O O-O 8. Qc2
a5 9. Ne5 Qe8 10. Ndf3 Ne4 11. b3 Nd7 12. Nd3 g5 13. Nfe5 Qh5 14. f3 Nd6 15.
Bb2 Rf6 16. Nxd7 Bxd7 17. Ne5 Be8 18. e4 Rh6 19. h3 fxe4 20. g4 Qh4 21. Bc3
exf3 22. Be1 fxg2 23. Rf3 Qxh3 24. Rxh3 Rxh3 25. Kxg2 Rh6 26. Bd2 Nf7 27. Re1
Nxe5 28. Rxe5 Bg6 29. Qc1 Be4+ 30. Rxe4 dxe4 31. Bxg5 Bxg5 32. Qxg5+ Rg6 33.
Qf4 h5 34. g5 Rf8 35. Qxe4 Rxg5+ 36. Kh3 Rf6 37. a3 Kg7 38. b4 axb4 39. axb4
Rfg6 40. b5 Rg4 41. Qe5+ Kh6 1/2-1/2

[Event "ThEM Meisterturnier Finsterbergen"]
[Site "?"]
[Date "1999.??.??"]
[Round "3"]
[White "Taudte, Stefan"]
[Black "Langheinrich, Ferenc"]
[Result "0-1"]
[WhiteElo "2120"]
[BlackElo "2280"]
[PlyCount "52"]
[EventDate "1999.??.??"]

1. d4 Nf6 2. c4 c5 3. d5 g6 4. Nc3 Bg7 5. e4 d6 6. h3 O-O 7. Bd3 e6 8. Bg5 exd5
9. exd5 Nbd7 10. f4 a6 11. a4 Qe8+ 12. Nge2 Nh5 13. Ne4 f6 14. Bh4 Nxf4 15.
Nxf4 f5 16. O-O fxe4 17. Ne6 exd3 18. Re1 Ne5 19. Nc7 Qf7 20. Nxa8 Qf4 21. Be7
Qf2+ 22. Kh1 Bxh3 23. Rg1 Bg4 24. Qe1 Qxe1 25. Rgxe1 Rxa8 26. Bxd6 d2 0-1

[Event "ThEM Meisterturnier Finsterbergen"]
[Site "?"]
[Date "1999.??.??"]
[Round "4"]
[White "Anschuetz, Mario"]
[Black "Mueller, Matthias"]
[Result "0-1"]
[WhiteElo "2115"]
[BlackElo "2395"]
[PlyCount "58"]
[EventDate "1999.??.??"]

1. d4 d5 2. c4 e6 3. Nc3 c6 4. cxd5 exd5 5. Nf3 Nf6 6. Bg5 Be7 7. e3 O-O 8. Bd3
Nbd7 9. Qc2 Re8 10. O-O Nf8 11. h3 Bd6 12. Ne2 Ng6 13. Nh4 Bc7 14. Nxg6 hxg6
15. b4 Bd7 16. Rfc1 Rc8 17. Qb3 Bd6 18. Bf4 Bxf4 19. Nxf4 g5 20. Ne2 g4 21. h4
g3 22. Nxg3 Ng4 23. Be2 Qxh4 24. Bxg4 Bxg4 25. b5 Re6 26. Kf1 Rf6 27. Ke1 Qh2
28. Nf1 Qxg2 29. Rc2 Bh3 0-1

[Event "ThEM Meisterturnier Finsterbergen"]
[Site "?"]
[Date "1999.??.??"]
[Round "4"]
[White "Kottwitz, Daniel"]
[Black "Haensel, Thomas"]
[Result "0-1"]
[WhiteElo "2120"]
[BlackElo "2205"]
[PlyCount "62"]
[EventDate "1999.??.??"]

1. e4 c5 2. Nf3 d6 3. Bb5+ Nd7 4. O-O a6 5. Bxd7+ Qxd7 6. d4 cxd4 7. Qxd4 e5 8.
Qd3 h6 9. Nc3 Nf6 10. a4 Be7 11. Be3 Qc7 12. a5 Be6 13. Nd2 Rc8 14. f3 Qc6 15.
Rfc1 O-O 16. Na4 d5 17. Bb6 dxe4 18. Nxe4 Nxe4 19. fxe4 Bg5 20. Nc5 Bxc1 21.
Rxc1 f5 22. Re1 fxe4 23. Rxe4 Rf5 24. Re2 Rcf8 25. h3 Kh8 26. Qc3 Rf1+ 27. Kh2
R1f2 28. Rxf2 Rxf2 29. Ne4 Qxc3 30. bxc3 Rxc2 31. Nc5 Bd5 0-1

[Event "ThEM Meisterturnier Finsterbergen"]
[Site "?"]
[Date "1999.??.??"]
[Round "4"]
[White "Langheinrich, Ferenc"]
[Black "Kirschbaum, Gunnar"]
[Result "1-0"]
[WhiteElo "2280"]
[BlackElo "2195"]
[PlyCount "47"]
[EventDate "1999.??.??"]

1. e4 d6 2. d4 Nf6 3. Nc3 g6 4. f3 c6 5. Be3 e5 6. Nge2 Qb6 7. Qd2 Qxb2 8. Rb1
Qa3 9. g4 Qa5 10. Ng3 Nbd7 11. g5 Ng8 12. f4 exf4 13. Bxf4 Be7 14. Be2 Nb6 15.
O-O Be6 16. d5 Bd7 17. Qd4 f6 18. gxf6 Nxf6 19. Bd2 O-O 20. dxc6 bxc6 21. Nd5
Qc5 22. Qxc5 dxc5 23. Nxe7+ Kg7 24. e5 1-0

[Event "ThEM Meisterturnier Finsterbergen"]
[Site "?"]
[Date "1999.??.??"]
[Round "4"]
[White "Paehtz, Thomas Jr"]
[Black "Fischer, Kay"]
[Result "1/2-1/2"]
[WhiteElo "2160"]
[BlackElo "2130"]
[PlyCount "46"]
[EventDate "1999.??.??"]

1. Nc3 Nf6 2. d4 d5 3. Bg5 e6 4. e4 Bb4 5. e5 h6 6. Bd2 Bxc3 7. bxc3 Ne4 8. Bd3
Nxd2 9. Qxd2 c5 10. f4 Qa5 11. Nf3 b6 12. c4 Qxd2+ 13. Kxd2 Bb7 14. dxc5 dxc4
15. Bxc4 bxc5 16. Rab1 Bc6 17. Bb5 Kd7 18. Kc3 Bxb5 19. Rxb5 Kc6 20. Rhb1 Nd7
21. Nd2 Rab8 22. Rxb8 Rxb8 23. Rxb8 Nxb8 1/2-1/2

[Event "ThEM Meisterturnier Finsterbergen"]
[Site "?"]
[Date "1999.??.??"]
[Round "4"]
[White "Rohmeiss, Roberto"]
[Black "Taudte, Stefan"]
[Result "1-0"]
[WhiteElo "2030"]
[BlackElo "2120"]
[PlyCount "79"]
[EventDate "1999.??.??"]

1. d4 Nf6 2. c4 c5 3. d5 e6 4. Nc3 exd5 5. cxd5 d6 6. e4 g6 7. Nf3 Bg7 8. Bb5+
Nfd7 9. O-O O-O 10. Bf4 Nf6 11. h3 a6 12. Be2 b5 13. Qc2 Re8 14. Nd2 Bb7 15.
Bf3 Qe7 16. Rfe1 Nbd7 17. a4 b4 18. Ne2 Ne5 19. Ng3 Nfd7 20. Be2 Rac8 21. Rac1
h5 22. Bxh5 gxh5 23. Nf5 Qf6 24. Bg3 c4 25. Bh4 Qg6 26. Re3 Nd3 27. Rg3 Nxc1
28. Qxc1 c3 29. b3 cxd2 30. Qxd2 Rxe4 31. Rxg6 fxg6 32. Ne7+ Rxe7 33. Bxe7 Be5
34. f4 Re8 35. fxe5 Rxe7 36. Qxb4 Rxe5 37. Qxb7 Nf8 38. Qxa6 Re3 39. b4 Re4 40.
Qxd6 1-0

[Event "ThEM Meisterturnier Finsterbergen"]
[Site "?"]
[Date "1999.??.??"]
[Round "5"]
[White "Fischer, Kay"]
[Black "Kottwitz, Daniel"]
[Result "1-0"]
[WhiteElo "2130"]
[BlackElo "2120"]
[PlyCount "65"]
[EventDate "1999.??.??"]

1. e4 e5 2. Nc3 Bc5 3. f4 d6 4. Nf3 Nc6 5. Na4 Bb6 6. Nxb6 axb6 7. Be2 Nf6 8.
d3 Bg4 9. O-O h6 10. c3 Be6 11. b3 exf4 12. Bxf4 Ra3 13. Qb1 O-O 14. d4 d5 15.
e5 Ne4 16. Qb2 Qe7 17. Nd2 Nxd2 18. Bxd2 Rfa8 19. Bc1 Qd7 20. Qxa3 Rxa3 21.
Bxa3 Qd8 22. Bc1 Qh4 23. Bf4 Qe7 24. b4 Na7 25. Be3 Qd7 26. a4 Qc6 27. Bd2 g6
28. b5 Qe8 29. Bxh6 Qe7 30. Be3 Nc8 31. Rf6 Nd6 32. Bg5 Nf5 33. Rxf5 1-0

[Event "ThEM Meisterturnier Finsterbergen"]
[Site "?"]
[Date "1999.??.??"]
[Round "5"]
[White "Haensel, Thomas"]
[Black "Langheinrich, Ferenc"]
[Result "1-0"]
[WhiteElo "2205"]
[BlackElo "2280"]
[PlyCount "77"]
[EventDate "1999.??.??"]

1. e4 c5 2. Nf3 d6 3. d4 cxd4 4. Nxd4 Nf6 5. Nc3 Nc6 6. Bg5 e6 7. Qd2 a6 8.
O-O-O Bd7 9. f3 Be7 10. Kb1 b5 11. h4 Rc8 12. Nxc6 Bxc6 13. Ne2 Bb7 14. Nd4 h6
15. Be3 Nd7 16. h5 Qc7 17. c3 Bf6 18. Bxb5 axb5 19. Nxb5 Qc6 20. Nxd6+ Ke7 21.
Nxf7 Rhf8 22. Nd6 Rcd8 23. Qf2 Ba6 24. f4 Rb8 25. Bd4 Bg5 26. Bxg7 Rxf4 27. Qd4
Be2 28. Rd2 Rb6 29. Nf5+ exf5 30. Rxe2 Rxe4 31. Rhe1 Nc5 32. g4 Bh4 33. Rxe4+
Nxe4 34. Re2 Qd6 35. Qxd6+ Kxd6 36. gxf5 Kd5 37. c4+ Kxc4 38. Rxe4+ Kd5 39.
Rxh4 1-0

[Event "ThEM Meisterturnier Finsterbergen"]
[Site "?"]
[Date "1999.??.??"]
[Round "5"]
[White "Kirschbaum, Gunnar"]
[Black "Rohmeiss, Roberto"]
[Result "1/2-1/2"]
[WhiteElo "2195"]
[BlackElo "2030"]
[PlyCount "61"]
[EventDate "1999.??.??"]

1. d4 Nf6 2. c4 c5 3. d5 b5 4. cxb5 a6 5. b6 Bb7 6. Nc3 d6 7. e4 Qxb6 8. Nf3
Nbd7 9. Be2 g6 10. O-O Bg7 11. Nd2 O-O 12. Nc4 Qc7 13. f4 Nb6 14. Ne3 e6 15. f5
exd5 16. exd5 Rae8 17. Ng4 Nxg4 18. Bxg4 Bd4+ 19. Kh1 Nxd5 20. Nxd5 Bxd5 21.
Bh6 Rb8 22. Bxf8 Rxb2 23. Bf3 Bxf3 24. Qxf3 Kxf8 25. f6 Qb7 26. Qxb7 Rxb7 27.
Rab1 Rxb1 28. Rxb1 Bxf6 29. Rb6 a5 30. Rxd6 Bc3 31. Kg1 1/2-1/2

[Event "ThEM Meisterturnier Finsterbergen"]
[Site "?"]
[Date "1999.??.??"]
[Round "5"]
[White "Mueller, Matthias"]
[Black "Paehtz, Thomas Jr"]
[Result "1/2-1/2"]
[WhiteElo "2395"]
[BlackElo "2160"]
[PlyCount "60"]
[EventDate "1999.??.??"]

1. e4 c5 2. Nf3 d6 3. d4 cxd4 4. Nxd4 Nf6 5. Nc3 Nc6 6. Bg5 e6 7. Qd2 a6 8.
O-O-O Bd7 9. f4 h6 10. Bh4 Nxe4 11. Qe1 Nf6 12. Nf5 Qa5 13. Nxd6+ Bxd6 14. Rxd6
Ne7 15. Bxf6 gxf6 16. Rd2 O-O-O 17. Qh4 Qf5 18. Bd3 Ng6 19. Qf2 Qxf4 20. Bxg6
Qxf2 21. Rxf2 fxg6 22. Rxf6 Rhg8 23. Rd1 Rdf8 24. Rdf1 Rxf6 25. Rxf6 Bc6 26. g3
Kd7 27. Kd2 Ke7 28. Rf2 Rf8 29. Rxf8 Kxf8 30. Ke3 Ke7 1/2-1/2

[Event "ThEM Meisterturnier Finsterbergen"]
[Site "?"]
[Date "1999.??.??"]
[Round "5"]
[White "Taudte, Stefan"]
[Black "Anschuetz, Mario"]
[Result "1-0"]
[WhiteElo "2120"]
[BlackElo "2115"]
[PlyCount "89"]
[EventDate "1999.??.??"]

1. d4 Nf6 2. c4 g6 3. Nc3 Bg7 4. e4 d6 5. h3 O-O 6. Bd3 e5 7. d5 a5 8. Bg5 h6
9. Be3 Na6 10. Qd2 Kh7 11. Rc1 Ng8 12. g4 f5 13. gxf5 gxf5 14. exf5 Bxf5 15.
Nge2 Kh8 16. Bxf5 Rxf5 17. Ng3 Rf3 18. Qe2 Qf8 19. Rg1 Qf7 20. Nce4 b6 21. Nd2
Rf6 22. Nde4 Rf3 23. Rg2 Nc5 24. Nd2 Rf6 25. Nge4 Rf5 26. Nxc5 bxc5 27. Qg4 Rb8
28. b3 Ne7 29. Ke2 Rg8 30. Rcg1 Bf8 31. Qh4 Rxg2 32. Rxg2 Qh5+ 33. Qg4 Qf7 34.
Nf3 Rh5 35. Nh4 Kh7 36. Qe4+ Kh8 37. Bd2 Qf6 38. Ng6+ Nxg6 39. Qxg6 Qxg6 40.
Rxg6 a4 41. bxa4 Rxh3 42. Rg3 Rh1 43. a5 Rb1 44. Rb3 Ra1 45. a3 1-0

[Event "ThEM Meisterturnier Finsterbergen"]
[Site "?"]
[Date "1999.??.??"]
[Round "6"]
[White "Anschuetz, Mario"]
[Black "Paehtz, Thomas Jr"]
[Result "0-1"]
[WhiteElo "2115"]
[BlackElo "2160"]
[PlyCount "48"]
[EventDate "1999.??.??"]

1. d4 Nf6 2. c4 c5 3. e3 g6 4. Nc3 Bg7 5. Bd3 cxd4 6. exd4 d5 7. c5 Nc6 8. Nf3
Bg4 9. Be3 O-O 10. Be2 b6 11. h3 Bf5 12. Qa4 Bd7 13. Bb5 Qc7 14. O-O bxc5 15.
dxc5 e5 16. Nxe5 Nxe5 17. Bf4 Bxb5 18. Nxb5 Qe7 19. Rae1 Ne4 20. f3 Nd3 21. Bd6
Qh4 22. Rxe4 dxe4 23. Bxf8 Bxf8 24. b4 e3 0-1

[Event "ThEM Meisterturnier Finsterbergen"]
[Site "?"]
[Date "1999.??.??"]
[Round "6"]
[White "Kottwitz, Daniel"]
[Black "Mueller, Matthias"]
[Result "0-1"]
[WhiteElo "2120"]
[BlackElo "2395"]
[PlyCount "62"]
[EventDate "1999.??.??"]

1. e4 e5 2. Nf3 Nc6 3. Bb5 a6 4. Bxc6 dxc6 5. O-O f6 6. d4 Bg4 7. dxe5 Qxd1 8.
Rxd1 fxe5 9. Rd3 Bd6 10. Bg5 Nf6 11. Nbd2 O-O 12. Rd1 b5 13. h3 Be6 14. b3 a5
15. Bh4 Nh5 16. Ng5 Bc8 17. Nf1 Nf4 18. Rxd6 cxd6 19. Rxd6 Ra6 20. Nd2 c5 21.
Rxa6 Bxa6 22. Ngf3 Re8 23. Kh2 Ne2 24. Bg3 Nxg3 25. Kxg3 b4 26. Nc4 Bxc4 27.
bxc4 Kf7 28. Ne1 Rd8 29. Nf3 Kf6 30. Kg4 Rd1 31. Kg3 a4 0-1

[Event "ThEM Meisterturnier Finsterbergen"]
[Site "?"]
[Date "1999.??.??"]
[Round "6"]
[White "Langheinrich, Ferenc"]
[Black "Fischer, Kay"]
[Result "1-0"]
[WhiteElo "2280"]
[BlackElo "2130"]
[PlyCount "53"]
[EventDate "1999.??.??"]

1. Nf3 d5 2. g3 c6 3. Bg2 Nd7 4. O-O e5 5. d3 Ngf6 6. b3 Bd6 7. Bb2 O-O 8. Nbd2
Qe7 9. e4 dxe4 10. dxe4 Ba3 11. Bxa3 Qxa3 12. Qe2 Qe7 13. Rfd1 a5 14. a4 b6 15.
Nc4 Ba6 16. Nfd2 Qc5 17. Qe3 Qxe3 18. Nxe3 Be2 19. Re1 Bh5 20. Ndc4 Rfd8 21. f3
Kf8 22. Red1 Nxe4 23. Rxd7 Rxd7 24. Nxb6 Rd2 25. Nxa8 Nc3 26. Nb6 Bg6 27. Nbc4
1-0

[Event "ThEM Meisterturnier Finsterbergen"]
[Site "?"]
[Date "1999.??.??"]
[Round "6"]
[White "Rohmeiss, Roberto"]
[Black "Haensel, Thomas"]
[Result "0-1"]
[WhiteElo "2030"]
[BlackElo "2205"]
[PlyCount "75"]
[EventDate "1999.??.??"]

1. d4 Nf6 2. c4 g6 3. Nc3 Bg7 4. e4 d6 5. f3 O-O 6. Be3 a6 7. Nge2 Nbd7 8. Ng3
c6 9. a4 a5 10. Be2 e5 11. d5 Qe7 12. Qd2 Nc5 13. Rd1 Ne8 14. Bh6 Bxh6 15. Qxh6
f6 16. Qe3 Nc7 17. O-O cxd5 18. cxd5 Bd7 19. Ra1 Qe8 20. Bd1 N7a6 21. Nge2 Nb4
22. Nc1 f5 23. Nb3 f4 24. Qe2 Nbd3 25. Nxc5 Nxc5 26. Bc2 Qd8 27. Kh1 Qb6 28.
Rfb1 Rfc8 29. Qd1 Rc7 30. Bd3 Nxd3 31. Qxd3 Rac8 32. h3 Kf7 33. Nb5 Rc5 34. Nc3
Rc4 35. Qd2 Rd4 36. Qe1 h5 37. Ne2 Rb4 38. Qxb4 0-1

[Event "ThEM Meisterturnier Finsterbergen"]
[Site "?"]
[Date "1999.??.??"]
[Round "6"]
[White "Taudte, Stefan"]
[Black "Kirschbaum, Gunnar"]
[Result "1-0"]
[WhiteElo "2120"]
[BlackElo "2195"]
[PlyCount "111"]
[EventDate "1999.??.??"]

1. d4 d6 2. c4 e5 3. d5 f5 4. Nc3 Nf6 5. Bg5 Be7 6. Bxf6 Bxf6 7. e4 O-O 8. Bd3
g6 9. b4 a5 10. a3 axb4 11. axb4 Rxa1 12. Qxa1 Na6 13. Qb1 c6 14. Nge2 f4 15.
Qb3 Qb6 16. Na2 cxd5 17. Nec3 Bh4 18. O-O dxc4 19. Qxc4+ Kg7 20. Nd5 Qc6 21.
Qb3 Be6 22. b5 Nc5 23. bxc6 Nxb3 24. cxb7 Bxd5 25. exd5 Rb8 26. g3 Bf6 27. Nc3
Rxb7 28. Ne4 Be7 29. Rb1 Kf7 30. f3 Ke8 31. Ba6 Rb4 32. gxf4 exf4 33. Nd2 Nxd2
34. Rxb4 Nxf3+ 35. Kf2 Ng5 36. Bb5+ Kd8 37. h4 Nf7 38. Rxf4 Ne5 39. Rb4 Bf6 40.
Ba6 Ke8 41. Kg3 Nf7 42. Rb7 h6 43. Bd3 Ne5 44. Be4 Be7 45. Rb1 Kf7 46. Kh3 Kf8
47. Rg1 Kf7 48. Rg2 Bd8 49. Rf2+ Kg7 50. Rf1 Be7 51. Bf3 Bd8 52. Kg3 Be7 53. h5
Nxf3 54. Rxf3 gxh5 55. Re3 Bf6 56. Re6 1-0

[Event "ThEM Meisterturnier Finsterbergen"]
[Site "?"]
[Date "1999.??.??"]
[Round "7"]
[White "Fischer, Kay"]
[Black "Rohmeiss, Roberto"]
[Result "0-1"]
[WhiteElo "2130"]
[BlackElo "2030"]
[PlyCount "58"]
[EventDate "1999.??.??"]

1. e4 Nf6 2. Nc3 d6 3. d4 g6 4. f3 Bg7 5. Be3 Nbd7 6. Qd2 a6 7. Bh6 Bxh6 8.
Qxh6 c5 9. dxc5 Nxc5 10. Nge2 Qa5 11. Nd4 Be6 12. Nxe6 Nxe6 13. Bc4 Qb4 14.
Bxe6 Qxb2 15. Kd2 fxe6 16. Rab1 Qa3 17. Rxb7 Rc8 18. Qe3 d5 19. exd5 exd5 20.
Re1 O-O 21. Rb3 Qa5 22. Qb6 Qxb6 23. Rxb6 d4 24. Ne4 Nd5 25. Rxa6 Nb4 26. Ra4
Rxc2+ 27. Kd1 Rb2 28. Kc1 Nd3+ 29. Kd1 Rc8 0-1

[Event "ThEM Meisterturnier Finsterbergen"]
[Site "?"]
[Date "1999.??.??"]
[Round "7"]
[White "Haensel, Thomas"]
[Black "Taudte, Stefan"]
[Result "1-0"]
[WhiteElo "2205"]
[BlackElo "2120"]
[PlyCount "47"]
[EventDate "1999.??.??"]

1. e4 d5 2. exd5 Nf6 3. d4 Nxd5 4. c4 Nf6 5. Be2 g6 6. Nc3 Bg7 7. Nf3 O-O 8.
O-O b6 9. Bf4 Bb7 10. Qc2 Na6 11. Rad1 e6 12. a3 Qe7 13. Rfe1 Nh5 14. Bg5 Bf6
15. Bc1 g5 16. Nxg5 Bxg5 17. Bxh5 Bxc1 18. Qxc1 Qh4 19. Qh6 Kh8 20. d5 Rg8 21.
Re4 Rxg2+ 22. Kxg2 Rg8+ 23. Kf1 Qh3+ 24. Ke2 1-0

[Event "ThEM Meisterturnier Finsterbergen"]
[Site "?"]
[Date "1999.??.??"]
[Round "7"]
[White "Kirschbaum, Gunnar"]
[Black "Anschuetz, Mario"]
[Result "1-0"]
[WhiteElo "2195"]
[BlackElo "2115"]
[PlyCount "39"]
[EventDate "1999.??.??"]

1. e4 e6 2. d4 d5 3. exd5 exd5 4. c4 Nf6 5. Nc3 Be7 6. h3 O-O 7. Nf3 Re8 8. Bd3
Bf8+ 9. Be3 dxc4 10. Bxc4 Be6 11. d5 Bf5 12. Qb3 Bc5 13. O-O Bxe3 14. fxe3 Rxe3
15. d6 cxd6 16. Ng5 Be6 17. Bxe6 Rxe6 18. Nxe6 Qd7 19. Nf4 Na6 20. Nfd5 1-0